<?xml version="1.0" encoding="UTF-8"?>
<record
    xmlns:xsi="http://www.w3.org/2001/XMLSchema-instance"
    xsi:schemaLocation="http://www.loc.gov/MARC21/slim http://www.loc.gov/standards/marcxml/schema/MARC21slim.xsd"
    xmlns="http://www.loc.gov/MARC21/slim">

  <leader>00717nam a2200217Ia 4500</leader>
  <controlfield tag="005">20260401154402.0</controlfield>
  <controlfield tag="008">210716s2011    xx            000 0 und d</controlfield>
  <datafield tag="020" ind1=" " ind2=" ">
    <subfield code="a">9780070656802</subfield>
  </datafield>
  <datafield tag="040" ind1=" " ind2=" ">
    <subfield code="c">AIMIT LIBRARY</subfield>
  </datafield>
  <datafield tag="041" ind1=" " ind2=" ">
    <subfield code="a">eng</subfield>
  </datafield>
  <datafield tag="082" ind1=" " ind2=" ">
    <subfield code="a">658.421 </subfield>
    <subfield code="2">2nd</subfield>
    <subfield code="b">LEOA</subfield>
  </datafield>
  <datafield tag="100" ind1=" " ind2=" ">
    <subfield code="a">Leon, Alexis.</subfield>
    <subfield code="9">66867</subfield>
  </datafield>
  <datafield tag="245" ind1=" " ind2=" ">
    <subfield code="a">Enterprise resource planning /</subfield>
    <subfield code="c">By Alexis Leon</subfield>
  </datafield>
  <datafield tag="250" ind1=" " ind2=" ">
    <subfield code="a">2nd ed.</subfield>
  </datafield>
  <datafield tag="260" ind1=" " ind2=" ">
    <subfield code="a">New Delhi :</subfield>
    <subfield code="b">Tata McGraw Hill Publishing Company ,</subfield>
    <subfield code="c">2011.</subfield>
  </datafield>
  <datafield tag="300" ind1=" " ind2=" ">
    <subfield code="a">xvii,370p. ;</subfield>
    <subfield code="c">24 cm.</subfield>
    <subfield code="b">PB</subfield>
  </datafield>
  <datafield tag="650" ind1=" " ind2=" ">
    <subfield code="a">ERP marketplace and functional modules</subfield>
    <subfield code="9">66868</subfield>
  </datafield>
  <datafield tag="650" ind1=" " ind2=" ">
    <subfield code="a">ERP Implementation</subfield>
    <subfield code="9">66869</subfield>
  </datafield>
  <datafield tag="650" ind1=" " ind2=" ">
    <subfield code="a">Success and failure factors of an ERP Implementation</subfield>
    <subfield code="9">66870</subfield>
  </datafield>
  <datafield tag="942" ind1=" " ind2=" ">
    <subfield code="2">ddc</subfield>
    <subfield code="c">BK</subfield>
    <subfield code="e">2nd</subfield>
    <subfield code="k">658.421 LEOA</subfield>
  </datafield>
  <datafield tag="999" ind1=" " ind2=" ">
    <subfield code="c">193838</subfield>
    <subfield code="d">193838</subfield>
  </datafield>
  <datafield tag="952" ind1=" " ind2=" ">
    <subfield code="0">0</subfield>
    <subfield code="1">0</subfield>
    <subfield code="2">ddc</subfield>
    <subfield code="4">0</subfield>
    <subfield code="7">0</subfield>
    <subfield code="8">MCA</subfield>
    <subfield code="a">AIMIT</subfield>
    <subfield code="b">AIMIT</subfield>
    <subfield code="c">ERP</subfield>
    <subfield code="e">Higginbothams Pvt Ltd</subfield>
    <subfield code="g">395.00</subfield>
    <subfield code="i">Bill no:1492; Bill dt:2014-03-15</subfield>
    <subfield code="l">0</subfield>
    <subfield code="o">658.421 LEOA</subfield>
    <subfield code="p">MCA13346</subfield>
    <subfield code="r">2025-07-21 00:00:00</subfield>
    <subfield code="v">296.25</subfield>
    <subfield code="w">2021-07-16</subfield>
    <subfield code="y">BK</subfield>
  </datafield>
  <datafield tag="952" ind1=" " ind2=" ">
    <subfield code="0">0</subfield>
    <subfield code="1">0</subfield>
    <subfield code="2">ddc</subfield>
    <subfield code="4">0</subfield>
    <subfield code="7">0</subfield>
    <subfield code="8">MCA</subfield>
    <subfield code="a">AIMIT</subfield>
    <subfield code="b">AIMIT</subfield>
    <subfield code="c">ERP</subfield>
    <subfield code="e">Higginbothams Pvt Ltd</subfield>
    <subfield code="g">395.00</subfield>
    <subfield code="i">Bill no:1492; Bill dt:2014-03-15</subfield>
    <subfield code="l">0</subfield>
    <subfield code="o">658.421 LEOA</subfield>
    <subfield code="p">MCA13347</subfield>
    <subfield code="r">2025-07-21 00:00:00</subfield>
    <subfield code="v">296.25</subfield>
    <subfield code="w">2021-07-16</subfield>
    <subfield code="y">BK</subfield>
  </datafield>
  <datafield tag="952" ind1=" " ind2=" ">
    <subfield code="0">0</subfield>
    <subfield code="1">0</subfield>
    <subfield code="2">ddc</subfield>
    <subfield code="4">0</subfield>
    <subfield code="7">0</subfield>
    <subfield code="8">MBA</subfield>
    <subfield code="a">AIMIT</subfield>
    <subfield code="b">AIMIT</subfield>
    <subfield code="c">ERP</subfield>
    <subfield code="d">2009-09-21</subfield>
    <subfield code="g">375.00</subfield>
    <subfield code="i">Bill no:26; Bill dt:2012-09-17</subfield>
    <subfield code="l">0</subfield>
    <subfield code="o">658.421 LEOA</subfield>
    <subfield code="p">MBA09967</subfield>
    <subfield code="r">2026-05-23 00:00:00</subfield>
    <subfield code="v">281.25</subfield>
    <subfield code="w">2021-07-16</subfield>
    <subfield code="y">BK</subfield>
  </datafield>
  <datafield tag="952" ind1=" " ind2=" ">
    <subfield code="0">0</subfield>
    <subfield code="1">0</subfield>
    <subfield code="2">ddc</subfield>
    <subfield code="4">0</subfield>
    <subfield code="7">0</subfield>
    <subfield code="8">MBA</subfield>
    <subfield code="a">AIMIT</subfield>
    <subfield code="b">AIMIT</subfield>
    <subfield code="c">ERP</subfield>
    <subfield code="d">2009-09-21</subfield>
    <subfield code="g">375.00</subfield>
    <subfield code="i">Bill no:26; Bill dt:2012-09-17</subfield>
    <subfield code="l">0</subfield>
    <subfield code="o">658.421 LEOA</subfield>
    <subfield code="p">MBA09968</subfield>
    <subfield code="r">2026-05-23 00:00:00</subfield>
    <subfield code="v">281.25</subfield>
    <subfield code="w">2021-07-16</subfield>
    <subfield code="y">BK</subfield>
  </datafield>
  <datafield tag="952" ind1=" " ind2=" ">
    <subfield code="0">0</subfield>
    <subfield code="1">0</subfield>
    <subfield code="2">ddc</subfield>
    <subfield code="4">0</subfield>
    <subfield code="7">0</subfield>
    <subfield code="8">MBA</subfield>
    <subfield code="a">AIMIT</subfield>
    <subfield code="b">AIMIT</subfield>
    <subfield code="c">ERP</subfield>
    <subfield code="d">2009-09-21</subfield>
    <subfield code="g">375.00</subfield>
    <subfield code="i">Bill no:26; Bill dt:2012-09-17</subfield>
    <subfield code="l">0</subfield>
    <subfield code="o">658.421 LEOA</subfield>
    <subfield code="p">MBA09969</subfield>
    <subfield code="r">2026-05-23 00:00:00</subfield>
    <subfield code="v">281.25</subfield>
    <subfield code="w">2021-07-16</subfield>
    <subfield code="y">BK</subfield>
  </datafield>
  <datafield tag="952" ind1=" " ind2=" ">
    <subfield code="0">0</subfield>
    <subfield code="1">0</subfield>
    <subfield code="2">ddc</subfield>
    <subfield code="4">0</subfield>
    <subfield code="7">0</subfield>
    <subfield code="8">MBA</subfield>
    <subfield code="a">AIMIT</subfield>
    <subfield code="b">AIMIT</subfield>
    <subfield code="c">ERP</subfield>
    <subfield code="d">2009-09-21</subfield>
    <subfield code="g">325.00</subfield>
    <subfield code="i">Bill no:26; Bill dt:2012-09-17</subfield>
    <subfield code="l">0</subfield>
    <subfield code="o">658.421 LEOA</subfield>
    <subfield code="p">MBA09970</subfield>
    <subfield code="r">2026-05-23 00:00:00</subfield>
    <subfield code="v">243.75</subfield>
    <subfield code="w">2021-07-16</subfield>
    <subfield code="y">BK</subfield>
  </datafield>
  <datafield tag="952" ind1=" " ind2=" ">
    <subfield code="0">0</subfield>
    <subfield code="1">0</subfield>
    <subfield code="2">ddc</subfield>
    <subfield code="4">0</subfield>
    <subfield code="7">0</subfield>
    <subfield code="8">MBA</subfield>
    <subfield code="a">AIMIT</subfield>
    <subfield code="b">AIMIT</subfield>
    <subfield code="c">ERP</subfield>
    <subfield code="d">2009-09-21</subfield>
    <subfield code="g">375.00</subfield>
    <subfield code="i">Bill no:26; Bill dt:2012-09-17</subfield>
    <subfield code="l">0</subfield>
    <subfield code="o">658.421 LEOA</subfield>
    <subfield code="p">MBA09971</subfield>
    <subfield code="r">2026-05-23 00:00:00</subfield>
    <subfield code="v">281.25</subfield>
    <subfield code="w">2021-07-16</subfield>
    <subfield code="y">BK</subfield>
  </datafield>
  <datafield tag="952" ind1=" " ind2=" ">
    <subfield code="0">0</subfield>
    <subfield code="1">0</subfield>
    <subfield code="2">ddc</subfield>
    <subfield code="4">0</subfield>
    <subfield code="7">0</subfield>
    <subfield code="8">MBA</subfield>
    <subfield code="a">AIMIT</subfield>
    <subfield code="b">AIMIT</subfield>
    <subfield code="c">ERP</subfield>
    <subfield code="d">2009-09-21</subfield>
    <subfield code="g">375.00</subfield>
    <subfield code="i">Bill no:26; Bill dt:2012-09-17</subfield>
    <subfield code="l">0</subfield>
    <subfield code="o">658.421 LEOA</subfield>
    <subfield code="p">MBA09972</subfield>
    <subfield code="r">2026-05-23 00:00:00</subfield>
    <subfield code="v">281.25</subfield>
    <subfield code="w">2021-07-16</subfield>
    <subfield code="y">BK</subfield>
  </datafield>
  <datafield tag="952" ind1=" " ind2=" ">
    <subfield code="0">0</subfield>
    <subfield code="1">0</subfield>
    <subfield code="2">ddc</subfield>
    <subfield code="4">0</subfield>
    <subfield code="7">0</subfield>
    <subfield code="8">MBA</subfield>
    <subfield code="a">AIMIT</subfield>
    <subfield code="b">AIMIT</subfield>
    <subfield code="c">ERP</subfield>
    <subfield code="d">2009-09-21</subfield>
    <subfield code="g">375.00</subfield>
    <subfield code="i">Bill no:26; Bill dt:2012-09-17</subfield>
    <subfield code="l">0</subfield>
    <subfield code="o">658.421 LEOA</subfield>
    <subfield code="p">MBA09973</subfield>
    <subfield code="r">2026-05-23 00:00:00</subfield>
    <subfield code="v">281.25</subfield>
    <subfield code="w">2021-07-16</subfield>
    <subfield code="y">BK</subfield>
  </datafield>
  <datafield tag="952" ind1=" " ind2=" ">
    <subfield code="0">0</subfield>
    <subfield code="1">0</subfield>
    <subfield code="2">ddc</subfield>
    <subfield code="4">0</subfield>
    <subfield code="7">0</subfield>
    <subfield code="8">MBA</subfield>
    <subfield code="a">AIMIT</subfield>
    <subfield code="b">AIMIT</subfield>
    <subfield code="c">ERP</subfield>
    <subfield code="d">2009-09-21</subfield>
    <subfield code="g">375.00</subfield>
    <subfield code="i">Bill no:26; Bill dt:2012-09-17</subfield>
    <subfield code="l">0</subfield>
    <subfield code="o">658.421 LEOA</subfield>
    <subfield code="p">MBA09974</subfield>
    <subfield code="r">2026-05-23 00:00:00</subfield>
    <subfield code="v">281.25</subfield>
    <subfield code="w">2021-07-16</subfield>
    <subfield code="y">BK</subfield>
  </datafield>
  <datafield tag="952" ind1=" " ind2=" ">
    <subfield code="0">0</subfield>
    <subfield code="1">0</subfield>
    <subfield code="2">ddc</subfield>
    <subfield code="4">0</subfield>
    <subfield code="7">0</subfield>
    <subfield code="8">MBA</subfield>
    <subfield code="a">AIMIT</subfield>
    <subfield code="b">AIMIT</subfield>
    <subfield code="c">ERP</subfield>
    <subfield code="d">2009-09-21</subfield>
    <subfield code="g">375.00</subfield>
    <subfield code="i">Bill no:26; Bill dt:2012-09-17</subfield>
    <subfield code="l">0</subfield>
    <subfield code="o">658.421 LEOA</subfield>
    <subfield code="p">MBA09975</subfield>
    <subfield code="r">2026-05-23 00:00:00</subfield>
    <subfield code="v">281.25</subfield>
    <subfield code="w">2021-07-16</subfield>
    <subfield code="y">BK</subfield>
  </datafield>
  <datafield tag="952" ind1=" " ind2=" ">
    <subfield code="0">0</subfield>
    <subfield code="1">0</subfield>
    <subfield code="2">ddc</subfield>
    <subfield code="4">0</subfield>
    <subfield code="7">3</subfield>
    <subfield code="8">MBA</subfield>
    <subfield code="a">AIMIT</subfield>
    <subfield code="b">AIMIT</subfield>
    <subfield code="c">ERP</subfield>
    <subfield code="d">2009-09-21</subfield>
    <subfield code="g">375.00</subfield>
    <subfield code="i">Bill no:26; Bill dt:2012-09-17</subfield>
    <subfield code="l">0</subfield>
    <subfield code="o">658.421 LEOA</subfield>
    <subfield code="p">MBA09976</subfield>
    <subfield code="r">2025-07-21 00:00:00</subfield>
    <subfield code="v">281.25</subfield>
    <subfield code="w">2021-07-16</subfield>
    <subfield code="y">BK</subfield>
  </datafield>
</record>
